The Savage Stone Age / (Record no. 5048)

MARC details
000 -LEADER
fixed length control field 01033nam a22002537a 4500
001 - CONTROL NUMBER
control field 5048
003 - CONTROL NUMBER IDENTIFIER
control field FISKH
005 - DATE AND TIME OF LATEST TRANSACTION
control field 20241104084821.0
008 - FIXED-LENGTH DATA ELEMENTS--GENERAL INFORMATION
fixed length control field 241101b cb ||||| |||| 00| 0 eng d
020 ## - INTERNATIONAL STANDARD BOOK NUMBER
International Standard Book Number 9781407104287
040 ## - CATALOGING SOURCE
Original cataloging agency FISKH
Language of cataloging eng
Transcribing agency FISKH
Modifying agency FISKH
050 ## - LIBRARY OF CONGRESS CALL NUMBER
Classification number PS430
082 ## - DEWEY DECIMAL CLASSIFICATION NUMBER
Classification number 930.12
100 ## - MAIN ENTRY--PERSONAL NAME
Personal name Deary, Terry
245 ## - TITLE STATEMENT
Title The Savage Stone Age /
Statement of responsibility, etc. by Terry Deary : illustrated by Martin Brown
260 ## - PUBLICATION, DISTRIBUTION, ETC.
Place of publication, distribution, etc. New York :
Name of publisher, distributor, etc. Scholastic ;
Date of publication, distribution, etc. 1999 .
300 ## - PHYSICAL DESCRIPTION
Extent 139 pages :
Other physical details illustrations ;
Dimensions 20 cm .
490 ## - SERIES STATEMENT
Series statement Horrible Histories
520 ## - SUMMARY, ETC.
Summary, etc. Readers can discover all the facts about the Savage Stone Age including what they used instead of toilet paper, why a hole in the skull is good for headaches and how to make a Stone Age mummy. Refreshed with a fantastic new design for 2016, these bestselling titles are sure to be a huge hit with yet another generation of Terry Deary fans.
650 ## - SUBJECT ADDED ENTRY--TOPICAL TERM
Topical term or geographic name entry element Stone Age
Form subdivision non-fiction
700 ## - ADDED ENTRY--PERSONAL NAME
Personal name Brown, Martin
Relator term illustrator
942 ## - ADDED ENTRY ELEMENTS (KOHA)
Source of classification or shelving scheme Dewey Decimal Classification
Koha item type Books
Suppress in OPAC No
Holdings
Withdrawn status Lost status Source of classification or shelving scheme Damaged status Not for loan Collection Home library Current library Shelving location Date acquired Total Checkouts Full call number Barcode Date last seen Copy number Price effective from Koha item type
    Dewey Decimal Classification     Non-Fiction Footprints International School Library Network Toul Kork Campus Footprints International School Library Network Toul Kork Campus TTP Secondary Non-Fiction Bookshelves 11/01/2024   DEA 930.12 PS430 2024-2273 11/01/2024 1 11/01/2024 Books
    Dewey Decimal Classification     Non-Fiction Footprints International School Library Network Toul Kork Campus Footprints International School Library Network Toul Kork Campus TTP Secondary Non-Fiction Bookshelves 11/01/2024   DEA 930.12 PS430 FIS05411 11/04/2024 2 11/01/2024 Books